000 00666cam a22002413a 4500
001 10213
003 PGUSA
005 20140828083221.0
008 031101s2003||||xxu|||||s|||||000 1 eng d
040 _aPGUSA
_beng
042 _adc
050 4 _aPS
100 1 _aGregory, Jackson,
_d1882-1943
245 1 4 _aThe Everlasting Whisper
_h[electronic resource] /
_cJackson Gregory
260 _bProject Gutenberg,
_c2003
506 _aPublic domain in the USA.
516 _aElectronic text
653 _aCalifornia -- Fiction
653 _aWestern stories
830 0 _aProject Gutenberg
_v10213
856 4 0 _uhttp://www.gutenberg.org/ebooks/10213
942 _cEB
999 _c239468
_d239468